| 000 | 00669nam a22002177a 4500 | ||
|---|---|---|---|
| 999 |
_c1731 _d1731 |
||
| 003 | OSt | ||
| 005 | 20240404152020.0 | ||
| 008 | 160413b xxu||||| |||| 00| 0 eng d | ||
| 020 | _a978-9-71992465-4 | ||
| 040 | _cLIC | ||
| 082 |
_22012 _aDFil 650.01 _b Ad9m |
||
| 100 |
_95485 _aAduana, Nick L. |
||
| 245 |
_aMathematics of investment: _bprocedural approach/ _cNick L. Aduana. |
||
| 260 |
_aQuezon City: _bC & E Publishing, Inc., _cc2012. |
||
| 300 |
_aix, 478 pages ; _c25 cm. |
||
| 500 | _aIncludes references and index. | ||
| 650 | 0 |
_95487 _aBusiness mathematics. |
|
| 650 | 0 |
_95488 _aAnnuities |
|
| 650 | 0 |
_95489 _aInvestments -- Mathematics. |
|
| 942 |
_2ddc _cDFIL |
||